00473nam a22001577a 450000500170000001000150001702000260003203500140005803700090007208200090008110000190009024500590010926000380016827000840020630000250029020250602120349.0 aENG-145095 a9788193312858c300.00 aEN-128627 bDBAD aS21 aCherian, Reena aJuxta Pose:bSeven Stories Of Adoption/cReena Cherian aNew DelhibAlterNotes Pressc2017 a161/55, Hasrat Mohani Lane, Ghafoor Nagar Road Jamia Nagar, bNew Delhie110025 axvi, 85p.c21cm.(Hb)